000 00597nam a2200217 i 4500
001 bg
100 1 _aBEGIER, Barbara
245 1 0 _aInżynieria oprogramowania :
_bproblematyka jakości /
_cBarbara Begier.
260 _aPoznań :
_bWydaw. Politechniki Poznańskiej,
_c1999.
300 _a264 s. :
_bil. ;
_c24 cm.
504 _aBibliogr.
650 9 _aProgramowanie (informat.)
650 9 _aJakość
_xzagadnienia
020 _a8371434081
040 _cBPK
041 0 _apl
080 _a004.41.05
920 _a83-7143-408-1
942 _cKS
008 s pl f |000 0 pol
999 _c37979
_d37979
856 _uhttp://koha.tu.koszalin.pl/cgi-bin/koha/opac-detail.pl?biblionumber=37979
_yKatalog online BPK